• 首页
  • 本馆介绍
  • 公告通知
  • 最新文献
  • 馆藏检索
  • 电子资源
  • 读者导购
  • 参考咨询
  • 我的图书馆
  • 登录
  • 详细信息显示
  • 放入我的书架
  • 预约/预借图书
  • 作者相关作品
  • 分类相关作品
  • 丛书相关作品
  • 出版社相关作品

书目信息

  • 表格格式
  • 工作单格式
  • 卡片格式
题名:
孙子的用兵艺术
    
 
作者: 储道宁 , 王宁洲 著
分册:  
出版信息: 济南   济南出版社  2006.08
页数: 135页
开本: 20cm
丛书名: 圣人的艺术世界丛书
单 册:
中图分类: E89
科图分类:
主题词: 兵法--中国--春秋时代
电子资源:
ISBN: 7-80629-018-4
000 00778cam2 2200265 45
001 0197010835
005 20070601084604.19
010    @a7-80629-018-4@dCNY19.00
100    @a19970414d2006 em y0chiy0121 ea
101 0  @achi
102    @aCN@b370000
105    @ay z 000yy
200 1  @a孙子的用兵艺术@ASun Zi De Yong Bing Yi Shu@f储道宁, 王宁洲著@FChu Dao Ning , Wang Ning Zhou Zhu
210    @a济南@c济南出版社@d2006.08
215    @a135页@d20cm
225 2  @a圣人的艺术世界丛书
410  0 @120010@a圣人的艺术世界丛书
605    @a孙子兵法@x研究
606    @a兵法@y中国@z春秋时代
690    @aE89@v4
701  0 @a储道宁@AChu Dao Ning@4著
701  0 @a王宁洲@AWang Ning Zhou@4著
801  0 @aCN@bNLC@c20070601
905    @aBZT@dE89@e15
906    @dCNY19.00@n0@r1
    
    孙子的用兵艺术/储道宁, 王宁洲著.-济南:济南出版社,2006.08
    135页;20cm.-(圣人的艺术世界丛书)
    
    
    ISBN 7-80629-018-4:CNY19.00
    
●
相关链接 在五车中查询图书 在当当中查询图书 在豆瓣中查询图书


正题名:孙子的用兵艺术     索取号:E89/15         预约/预借

序号 登录号 条形码 馆藏地/架位号 状态 备注
1 534894   230112672   中心书库北库/ 北库005架A面4列2层55/ [索取号:E89/15] 在馆    
2 534895   230112671   中心书库北库/ 北库005架A面4列2层54/ [索取号:E89/15] 在馆    
3 534896   230112670   中心书库北库/ 北库005架A面4列2层51/ [索取号:E89/15] 在馆    
4 534897   230112669   中心书库北库/ 北库005架A面4列2层53/ [索取号:E89/15] 在馆    
5 534898   230112668   中心书库北库/ 北库005架A面4列2层52/ [索取号:E89/15] 在馆    
山东省滨州职业学院图书馆 欢迎您!
大连网信软件有限公司© 版权所有